Popularne miasta polski ale to nie jest stolica województwa - Statystyki

Ogólne statystyki
  • Ten quiz został rozwiązany 36 razy
  • Średni wynik to 3 z 10
Statystyki odpowiedzi
Województwo Miasto % Poprawnych
Śląskie Częstochowa
69%
Opolskie Kędzierzyn-koźle
56%
Małopolskie Nowy Sącz
56%
Warmińsko-mazurskie Ełk
44%
Zachodnio-pomorskie Koszalin
38%
Lubuskie Żary
19%
Mazowieckie Piaseczno
9%
Pomorskie Wejherowo
6%
Kujawsko-pomorskie Aleksandrów kujawski
0%
Wielkopolskie Swarzędz
0%
Nie znaleziono quizów pasujących do podanych kryteriów
Rozkład punktacji
Procent ludzi z każdym wynikiem
Percentyl według liczby udzielonych odpowiedzi
Twoja historia wyników
Nie rozwiązałeś tego quizu